Commercial beekeeping: Production, processing and value addition of beehive products for income and employment generation (Record no. 395061)

MARC details
000 -LEADER
fixed length control field 00583 a2200193 4500
005 - DATE & TIME
control field 20260204151135.0
008 - FIXED-LENGTH DATA ELEMENTS--GENERAL INFORMATION
fixed length control field 260204b |||||||| |||| 00| 0 eng d
020 ## - ISBN
International Standard Book Number 978938881293
Price Rs. 3450.00
040 ## - CATALOGING SOURCE
Original cataloging agency VIVEKANANDA LIBRARY
082 ## - DDC NUMBER
Classification number 638.1
Book Number D536C
100 ## - MAIN ENTRY--PERSONAL NAME
Personal name Dharm Singh
245 ## - TITLE STATEMENT
Title Commercial beekeeping: Production, processing and value addition of beehive products for income and employment generation
260 ## - PUBLICATION, DISTRIBUTION, ETC. (IMPRINT)
Name of publisher, distributor, etc Scientific Publishers
Date of publication, distribution, etc 2024
Place of publication, distribution, etc Jodhpur
300 ## - PHYSICAL DESCRIPTION
Pages xxviii, 352
650 ## - Subject
Subject Apiculture
650 ## - Subject
Subject Insect Culture
650 ## - Subject
Subject Beekeeping
942 ## - ADDED ENTRY ELEMENTS (KOHA)
Koha item type Books
Holdings
Withdrawn status Lost status Source of classification or shelving scheme Damaged status Not for loan Location (home branch) Sublocation or collection (holding branch) Shelving location Date acquired Koha issues (times borrowed) Koha full call number Accession No. Koha date last seen Koha item type
    Dewey Decimal Classification     VIVEKANANDA LIBRARY VIVEKANANDA LIBRARY Vivekananda Library 06/01/2026   638.1 D536C 444108 06/01/2026 Books
© Designed and Maintained by Vivekananda Library, MDU Rohtak